000
00214nam a22000857a 4500
008
170306b xxu||||| |||| 00| 0 eng d
100
_9
3026
_a
Sawhney.P.
245
_a
Manual on Science-VII
260
_a
New delhi
_b
APC
_c
2010
999
_c
6271
_d
6271